[Event "ROM-chT U20"]
[Site "Iasi"]
[Date "2018.07.16"]
[Round "4.2"]
[White "Radulescu, Vlad Alexandru"]
[Black "Barbu, Simon Alexandru"]
[Result "1-0"]
[WhiteElo "2091"]
[BlackElo "1622"]
[PlyCount "61"]
[EventDate "2018.07.13"]
[EventType "team-tourn"]
[EventRounds "6"]
[EventCountry "ROU"]
[SourceTitle "EXT 2019"]
[Source "ChessBase"]
[SourceDate "2018.10.10"]
[SourceVersion "1"]
[SourceVersionDate "2018.10.10"]
[SourceQuality "1"]
[WhiteTeam "Constanta Juniorul"]
[BlackTeam "Galati CC"]
[WhiteTeamCountry "ROU"]
[BlackTeamCountry "ROU"]

1. e4 c6 2. d4 d5 3. e5 Bf5 4. h4 h5 5. c4 e6 6. Nc3 Ne7 7. Bg5 dxc4 8. Bxc4 Nd7 9. Nge2 Nb6 10. Bd3 Bxd3 11. Qxd3 Qd7 12. Rd1 Nf5 13. Ng3 Nxg3 14. fxg3 Nd5 15. 0-0 Ne7 16. Bxe7 Bxe7 17. Ne4 0-0 18. Qf3 g6 19. g4 hxg4 20. Qxg4 Kg7 21. h5 b6 22. Rf3 Rh8 23. hxg6 fxg6 24. Nf6 Qc8 25. Rdf1 Rh6 26. Nh5+ Rxh5 27. Rf7+ Kh6 28. Rxe7 Rg5 29. Qh4+ Rh5 30. Qf4+ Rg5 31. Rf3 1-0

[Event "EU-ch U18 26th"]
[Site "Prague"]
[Date "2016.08.27"]
[Round "9"]
[White "Seresin, Francesco"]
[Black "Radulescu, Vlad Alexandru"]
[Result "1-0"]
[WhiteElo "2200"]
[BlackElo "2029"]
[PlyCount "87"]
[EventDate "2016.08.18"]
[EventType "swiss"]
[EventRounds "9"]
[EventCountry "CZE"]
[SourceTitle "CBM 174 Extra"]
[Source "ChessBase"]
[SourceDate "2016.10.10"]
[SourceVersion "1"]
[SourceVersionDate "2016.10.10"]
[SourceQuality "1"]

1. d4 d5 2. c4 e6 3. Nc3 c5 4. cxd5 exd5 5. Nf3 Nc6 6. g3 c4 7. Bg2 Bb4 8. 0-0 Nge7 9. e4 dxe4 10. Nxe4 0-0 11. Be3 Bg4 12. h3 Bxf3 13. Bxf3 Nf5 14. d5 Ne5 15. Bf4 Nd3 16. Bd2 Nxb2 17. Qb1 Bxd2 18. Qxb2 Ba5 19. Qxb7 Bb6 20. Qa6 Re8 21. Qxc4 Nd4 22. Qd3 f5 23. Nd2 Qg5 24. Kg2 f4 25. g4 h5 26. Rae1 hxg4 27. hxg4 Nxf3 28. Qxf3 Rxe1 29. Rxe1 Rd8 30. d6 Rxd6 31. Ne4 Qe5 32. Nxd6 Qxe1 33. Qxf4 Qe6 34. Qc4 Qxc4 35. Nxc4 Bc7 36. Kf3 Kf7 37. Ke4 Ke6 38. f4 Bd8 39. g5 a6 40. Ne5 Bc7 41. f5+ Kd6 42. f6 g6 43. Nxg6 Ke6 44. Nf4+ 1-0

[Event "EU-ch U18 26th"]
[Site "Prague"]
[Date "2016.08.20"]
[Round "3"]
[White "Syvalahti, Timo"]
[Black "Radulescu, Vlad Alexandru"]
[Result "1-0"]
[WhiteElo "2139"]
[BlackElo "2029"]
[PlyCount "101"]
[EventDate "2016.08.18"]
[EventType "swiss"]
[EventRounds "9"]
[EventCountry "CZE"]
[SourceTitle "CBM 174 Extra"]
[Source "ChessBase"]
[SourceDate "2016.10.10"]
[SourceVersion "1"]
[SourceVersionDate "2016.10.10"]
[SourceQuality "1"]

1. d4 d5 2. c4 e6 3. Nf3 c5 4. cxd5 exd5 5. g3 Nc6 6. Bg2 c4 7. 0-0 Bb4 8. b3 cxb3 9. Qxb3 Nge7 10. Ba3 Qa5 11. e3 0-0 12. Ne5 Bxa3 13. Qxa3 Qxa3 14. Nxa3 Nxe5 15. dxe5 Bd7 16. Rfd1 Bc6 17. Nc2 Ba4 18. Rd2 a5 19. Nd4 b5 20. Ne2 b4 21. Nf4 Rfd8 22. Nxd5 Nxd5 23. Bxd5 Rac8 24. e4 Kf8 25. f4 Rc3 26. Kf2 Ke7 27. f5 f6 28. e6 g6 29. g4 g5 30. Rh1 Bc2 31. Re2 Bd3 32. Re3 Rc2+ 33. Kf3 Bb5 34. h4 h6 35. hxg5 hxg5 36. Rh7+ Kd6 37. Bb3 Rd2 38. e5+ fxe5 39. e7 Rc8 40. Rh6+ Kc7 41. Rxe5 Be8 42. Rc5+ Kb7 43. Rxc8 Kxc8 44. Rh8 Kd7 45. Ba4+ Kxe7 46. Rxe8+ Kf6 47. Re6+ Kg7 48. Re2 Rd4 49. Bb3 Rf4+ 50. Kg3 Rf1 51. Rf2 1-0

[Event "EU-ch U18 26th"]
[Site "Prague"]
[Date "2016.08.18"]
[Round "1"]
[White "Filipets, Egor"]
[Black "Radulescu, Vlad Alexandru"]
[Result "1/2-1/2"]
[WhiteElo "2301"]
[BlackElo "2029"]
[PlyCount "129"]
[EventDate "2016.08.18"]
[EventType "swiss"]
[EventRounds "9"]
[EventCountry "CZE"]
[SourceTitle "CBM 174 Extra"]
[Source "ChessBase"]
[SourceDate "2016.10.10"]
[SourceVersion "1"]
[SourceVersionDate "2016.10.10"]
[SourceQuality "1"]

1. Nf3 c5 2. g3 e6 3. c4 Nc6 4. Bg2 Nf6 5. 0-0 Be7 6. Nc3 0-0 7. d4 cxd4 8. Nxd4 a6 9. b3 Qc7 10. Bb2 b6 11. Rc1 Bb7 12. Nd5 Qd8 13. Nxe7+ Qxe7 14. Qd2 Rab8 15. Nc2 Rfd8 16. Ba3 d6 17. Rfd1 Ne8 18. Qe3 b5 19. cxb5 axb5 20. Nb4 Nxb4 21. Bxb4 Bxg2 22. Kxg2 Ra8 23. a3 Nf6 24. Kg1 h6 25. Rc6 Qb7 26. Rcxd6 Rxd6 27. Rxd6 Nd5 28. Qd2 Qc7 29. Kg2 Qb7 30. e4 Nf6 31. f3 Qc7 32. Rd3 Qb6 33. Qf2 Qc7 34. Qc5 Qb7 35. Qe7 Qb6 36. Qd6 Qb7 37. Bc3 Rc8 38. Bxf6 gxf6 39. Kh3 Kg7 40. Qd7 Qxd7 41. Rxd7 Rc3 42. b4 Rxa3 43. Rb7 Rxf3 44. Kg4 Rf2 45. Rxb5 Rxh2 46. Rb8 Rf2 47. b5 f5+ 48. exf5 Rxf5 49. b6 Rb5 50. Kf4 Kf6 51. b7 Rb4+ 52. Ke3 h5 53. Kd3 e5 54. Kc3 Rb1 55. Kc4 e4 56. Kd4 Kf5 57. Ke3 Rb3+ 58. Kd4 e3 59. Re8 Rxb7 60. Kxe3 Rb3+ 61. Kf2 Rb6 62. Kg2 Kg4 63. Re4+ Kg5 64. Kh3 f5 65. Re8 1/2-1/2

[Event "ROM-ch U18"]
[Site "Calimanesti"]
[Date "2015.04.06"]
[Round "9"]
[White "David, Alexandru Vasile"]
[Black "Radulescu, Vlad Alexandru"]
[Result "1-0"]
[WhiteElo "2221"]
[BlackElo "2025"]
[PlyCount "65"]
[EventDate "2015.03.30"]
[EventType "swiss"]
[EventRounds "9"]
[EventCountry "ROU"]
[SourceTitle "CBM 165 Extra"]
[Source "ChessBase"]
[SourceDate "2015.04.21"]
[SourceVersion "1"]
[SourceVersionDate "2015.04.21"]
[SourceQuality "1"]

1. d4 d5 2. c4 e6 3. Nc3 c5 4. cxd5 exd5 5. Nf3 Nc6 6. g3 c4 7. Bg2 Bb4 8. 0-0 Nge7 9. e4 dxe4 10. Nxe4 0-0 11. Qc2 Nf5 12. Rd1 Qd5 13. Be3 Nxe3 14. fxe3 Bf5 15. Nh4 Bxe4 16. Bxe4 Qg5 17. Ng2 Rac8 18. Bxh7+ Kh8 19. Be4 b5 20. Rf1 g6 21. Nf4 c3 22. bxc3 Nxd4 23. exd4 Bxc3 24. Qf2 Bxa1 25. Rxa1 Qf6 26. Rf1 Qg7 27. Nd5 f5 28. Bd3 a6 29. Nf4 Qf6 30. d5 Rcd8 31. Bc2 Rfe8 32. g4 Qg5 33. Kh1 1-0

[Event "ROM-ch U16"]
[Site "Calimanesti"]
[Date "2014.04.13"]
[Round "9"]
[White "Radulescu, Vlad Alexandru"]
[Black "Voicu, Gabriel"]
[Result "1/2-1/2"]
[WhiteElo "1972"]
[BlackElo "1839"]
[PlyCount "100"]
[EventDate "2014.04.06"]
[EventType "swiss"]
[EventRounds "9"]
[EventCountry "ROU"]
[SourceTitle "CBM 160 Extra"]
[Source "ChessBase"]
[SourceDate "2014.07.01"]
[SourceVersion "1"]
[SourceVersionDate "2014.07.01"]
[SourceQuality "1"]

1. e4 c5 2. Nf3 e6 3. d4 cxd4 4. Nxd4 a6 5. Nc3 b5 6. a3 Qb6 7. Nb3 Qc7 8. Bd3 Nf6 9. 0-0 d6 10. Bg5 Be7 11. f4 0-0 12. Re1 h6 13. Bh4 Bb7 14. Qe2 e5 15. fxe5 dxe5 16. Bxf6 Bxf6 17. Nd5 Bxd5 18. exd5 g6 19. Qe3 Bg7 20. Be4 Qd6 21. Rad1 f5 22. Bd3 Nd7 23. c4 bxc4 24. Bxc4 Nb6 25. Na5 Rfc8 26. Ba2 f4 27. Qf2 Kh7 28. Nc6 Nd7 29. b4 Re8 30. Na5 e4 31. Nc4 Qf6 32. Bb1 e3 33. Qf3 Rac8 34. Bd3 Ne5 35. Nxe5 Rxe5 36. d6 Rd8 37. d7 Re7 38. Qg4 Rexd7 39. Be2 Rxd1 40. Bxd1 h5 41. Qf3 Rd2 42. Be2 Qb2 43. Kf1 Qxa3 44. Qxf4 Rd4 45. Qg3 Rxb4 46. Qh3 Rf4+ 47. Kg1 Qc3 48. Rd1 Rd4 49. Rf1 Rd2 50. Bxh5 gxh5 1/2-1/2

[Event "ROM-ch U16"]
[Site "Calimanesti"]
[Date "2014.04.10"]
[Round "6"]
[White "Radulescu, Vlad Alexandru"]
[Black "Geiger, Alex Emanuel"]
[Result "1/2-1/2"]
[WhiteElo "1972"]
[BlackElo "2026"]
[PlyCount "59"]
[EventDate "2014.04.06"]
[EventType "swiss"]
[EventRounds "9"]
[EventCountry "ROU"]
[SourceTitle "CBM 160 Extra"]
[Source "ChessBase"]
[SourceDate "2014.07.01"]
[SourceVersion "1"]
[SourceVersionDate "2014.07.01"]
[SourceQuality "1"]

1. e4 c5 2. Nf3 Nc6 3. d4 cxd4 4. Nxd4 g6 5. Nc3 Bg7 6. Be3 Nf6 7. Be2 d5 8. Bb5 Bd7 9. exd5 Nb4 10. Bc4 Rc8 11. Bb3 Rxc3 12. bxc3 Nbxd5 13. Bd2 Qc7 14. Qf3 Qe5+ 15. Qe2 Qc7 16. Nb5 Qc5 17. c4 Bxb5 18. cxb5 Nc3 19. Qd3 Nfe4 20. 0-0 Nxd2 21. Qxd2 Nxb5 22. Rad1 Nd6 23. Qd5 Qxd5 24. Rxd5 0-0 25. Re1 Bf6 26. a4 b6 27. f3 Rc8 28. g4 Rc7 29. c4 Nb7 30. Rc1 1/2-1/2

[Event "ROM-ch U16"]
[Site "Calimanesti"]
[Date "2014.04.07"]
[Round "2"]
[White "Radulescu, Vlad Alexandru"]
[Black "Secheres, Adrian Simion"]
[Result "0-1"]
[WhiteElo "1972"]
[BlackElo "2200"]
[PlyCount "80"]
[EventDate "2014.04.06"]
[EventType "swiss"]
[EventRounds "9"]
[EventCountry "ROU"]
[SourceTitle "CBM 160 Extra"]
[Source "ChessBase"]
[SourceDate "2014.07.01"]
[SourceVersion "1"]
[SourceVersionDate "2014.07.01"]
[SourceQuality "1"]

1. e4 c5 2. c4 d6 3. Nc3 Nc6 4. g3 g6 5. Bg2 Bg7 6. Nge2 e6 7. 0-0 Nge7 8. d3 0-0 9. Be3 Nd4 10. a3 b6 11. Rb1 Bb7 12. b4 Qd7 13. f4 f5 14. Bf2 Rac8 15. Nxd4 cxd4 16. Nb5 Nc6 17. exf5 gxf5 18. c5 dxc5 19. bxc5 Na5 20. Bxb7 Nxb7 21. Nxa7 Rxc5 22. Qb3 Rc3 23. Qxb6 Nc5 24. Nb5 Nxd3 25. Bxd4 Rc2 26. Rf3 Qd5 27. Rbf1 Qa2 28. Bf2 Qd5 29. Bd4 e5 30. fxe5 Bxe5 31. Bxe5 Nxe5 32. R3f2 Rxf2 33. Rxf2 Nf3+ 34. Kg2 Nd4+ 35. Kh3 Nxb5 36. a4 Nd6 37. Rf4 Ne4 38. Qh6 Rf6 39. Qh5 Kg7 40. Qe8 Nf2+ 0-1

[Event "EU-ch U14"]
[Site "Prague"]
[Date "2012.08.22"]
[Round "6"]
[White "Rydl, Jiri"]
[Black "Radulescu, Vlad Alexandru"]
[Result "0-1"]
[WhiteElo "2021"]
[BlackElo "1830"]
[PlyCount "106"]
[EventDate "2012.08.17"]
[EventType "swiss"]
[EventRounds "9"]
[EventCountry "CZE"]
[SourceTitle "CBM 150 Extra"]
[Source "ChessBase"]
[SourceDate "2012.10.19"]
[SourceVersion "1"]
[SourceVersionDate "2012.10.19"]
[SourceQuality "1"]

1. e4 c5 2. Nc3 e6 3. f4 Nc6 4. Nf3 Nge7 5. g3 Nd4 6. Bg2 Nec6 7. Ne2 Nxf3+ 8. Bxf3 Be7 9. 0-0 0-0 10. d3 d5 11. Kh1 Rb8 12. Be3 d4 13. Bd2 b5 14. e5 Bb7 15. Be4 c4 16. Ng1 Qb6 17. Qh5 g6 18. Qe2 cxd3 19. cxd3 Bb4 20. Nf3 Bxd2 21. Nxd2 Nb4 22. Bxb7 Qxb7+ 23. Ne4 Rbc8 24. Qd2 Nc2 25. Rac1 Ne3 26. Rfe1 Rxc1 27. Rxc1 Rc8 28. Kg1 Kg7 29. b4 Qa6 30. a3 Qb7 31. Qb2 Rxc1+ 32. Qxc1 Qd5 33. Qb2 Nd1 34. Qc2 Ne3 35. Qb1 Qc6 36. Kf2 Nd5 37. Nc5 Nc3 38. Qe1 Qd5 39. Qa1 a5 40. g4 a4 41. g5 h5 42. gxh6+ Kxh6 43. Ne4 Nxe4+ 44. dxe4 Qxe4 45. Qc1 Kh5 46. Qd1+ Kh4 47. Qf3 Qf5 48. Ke2 Qc2+ 49. Ke1 Qxh2 50. Kd1 Qg1+ 51. Kd2 Qe3+ 52. Qxe3 dxe3+ 53. Kxe3 Kg3 0-1

[Event "EU-ch U14"]
[Site "Prague"]
[Date "2012.08.19"]
[Round "3"]
[White "Radulescu, Vlad Alexandru"]
[Black "Winiarski, Mikolaj"]
[Result "0-1"]
[WhiteElo "1830"]
[BlackElo "2031"]
[PlyCount "108"]
[EventDate "2012.08.17"]
[EventType "swiss"]
[EventRounds "9"]
[EventCountry "CZE"]
[SourceTitle "CBM 150 Extra"]
[Source "ChessBase"]
[SourceDate "2012.10.19"]
[SourceVersion "1"]
[SourceVersionDate "2012.10.19"]
[SourceQuality "1"]

1. e4 c5 2. Nf3 d6 3. d4 cxd4 4. Nxd4 Nf6 5. Nc3 a6 6. Bg5 Nbd7 7. f4 Qc7 8. Qf3 h6 9. Bh4 g5 10. fxg5 hxg5 11. Bg3 Ne5 12. Bxe5 dxe5 13. Nf5 g4 14. Qf2 Bxf5 15. Qxf5 Rh5 16. Qf2 0-0-0 17. Bd3 Bh6 18. 0-0 Rh8 19. Qa7 Bd2 20. Na4 Rxh2 21. Rxf6 exf6 22. Nb6+ Kd8 23. Qa8+ Ke7 24. Nd5+ Kd7 25. Nxc7 Be3+ 26. Kf1 Rxa8 27. Nxa8 Rh1+ 28. Ke2 Rxa1 29. Kxe3 Kc6 30. Bc4 Re1+ 31. Kd3 f5 32. Bd5+ Kc5 33. b4+ Kxb4 34. exf5 Rd1+ 35. Ke4 Re1+ 36. Kd3 Rd1+ 37. Ke4 Kc5 38. Bxf7 Re1+ 39. Kd3 e4+ 40. Kd2 Rf1 41. Bh5 Rxf5 42. Bxg4 Rf2+ 43. Be2 Rxg2 44. Nc7 Kd6 45. Ne8+ Ke5 46. Nc7 Rg7 47. Nxa6 bxa6 48. Bxa6 Ra7 49. Bc4 Kd4 50. Bb3 e3+ 51. Ke2 Rg7 52. c3+ Ke4 53. Bc2+ Kf4 54. Kd3 Rd7+ 0-1

[Event "ROM-ch U12"]
[Site "Voineasa"]
[Date "2010.04.11"]
[Round "6"]
[White "Radulescu, Vlad Alexandru"]
[Black "Dordai, Daniel Ovidiu"]
[Result "1-0"]
[WhiteElo "1761"]
[BlackElo "1709"]
[PlyCount "42"]
[EventDate "2010.04.08"]
[EventType "swiss"]
[EventRounds "9"]
[EventCountry "ROU"]
[SourceTitle "EXT 2020"]
[Source "ChessBase"]
[SourceDate "2019.10.17"]
[SourceVersion "1"]
[SourceVersionDate "2019.10.17"]
[SourceQuality "1"]

1. e4 c5 2. Nf3 a6 3. Nc3 b5 4. a3 Bb7 5. d3 e6 6. Be3 d5 7. exd5 exd5 8. d4 cxd4 9. Bxd4 Nc6 10. Be2 Nxd4 11. Nxd4 Nf6 12. 0-0 Bc5 13. Nb3 Ba7 14. Bf3 0-0 15. Qd2 Qd7 16. Rad1 Rfd8 17. Na5 Bc8 18. Nxd5 Kh8 19. Qe2 Bb8 20. Nxf6 Qc7 21. Rxd8+ Qxd8 1-0

[Event "ROM-ch U10 Boys"]
[Site "Voineasa"]
[Date "2008.04.18"]
[Round "9"]
[White "Ungureanu, Dan Andrei"]
[Black "Radulescu, Vlad Alexandru"]
[Result "1-0"]
[WhiteElo "602"]
[BlackElo "662"]
[PlyCount "95"]
[EventDate "2008.04.08"]
[EventType "swiss"]
[EventRounds "9"]
[EventCountry "ROU"]
[SourceTitle "EXT 2013"]
[Source "ChessBase"]
[SourceDate "2012.11.22"]
[SourceVersion "1"]
[SourceVersionDate "2012.11.22"]
[SourceQuality "1"]

1. d4 d5 2. c4 e6 3. Nc3 Nf6 4. Bg5 Nbd7 5. e3 Bb4 6. Nf3 c6 7. Bd3 dxc4 8. Bxc4 Qa5 9. Bxf6 Nxf6 10. Qc2 Ne4 11. Rc1 Nxc3 12. bxc3 b5 13. Bb3 Ba3 14. Rd1 0-0 15. 0-0 Bb7 16. Ng5 g6 17. h4 Be7 18. f4 h6 19. Nxe6 Rfe8 20. Nc5 Kg7 21. Nxb7 Qb6 22. Nc5 Bxc5 23. dxc5 Qxc5 24. Rd7 Qxe3+ 25. Kh1 Re7 26. Rxe7 Qxe7 27. f5 Qxh4+ 28. Kg1 Rf8 29. fxg6 fxg6 30. Rxf8 Kxf8 31. Qf2+ Qxf2+ 32. Kxf2 Ke7 33. Kf3 g5 34. a4 bxa4 35. Bxa4 c5 36. g4 a5 37. Ke4 Kd6 38. Bb5 Ke6 39. Bc4+ Kf6 40. Kd5 a4 41. Kxc5 a3 42. Kb4 a2 43. Bxa2 Ke5 44. Bb3 h5 45. gxh5 g4 46. Bd1 g3 47. Bf3 Kf4 48. Bg2 1-0